000 00891nam1a22002291i 4500
001 v19\rc\1239543
005 20260407111532.0
035 _a(NLR Aleph) 004397781
090 _a3837611
_c3837611
100 _a20060306g18851916|||y0rusy50 ca
101 0 _arus
102 _aRU
105 _a z |||||
200 1 _aОтчет о состоянии и деятельности Имп. Новороссийского университета...
210 _aОдесса
_d1885-1916
215 _d24
532 1 2 _aОтчет о состоянии и деятельности Императорского Новороссийского университета
710 0 2 _aНовороссийский университет
_cОдесса
_3RU\NLR\AUTH\889939169
_9373216
801 0 _aRU
_bNLR
_gpsbo
801 1 _aRU
_bProSoft-M
_2rusmarc
852 _aNLR
_jШифры разные
942 _cBOOK